Every Power 4 School's Best NFL Alumni - Statistics

General Stats
  • This quiz has been taken 45 times
  • The average score is 26 of 68
Answer Stats
Hint Answer % Correct
Michigan DE #97 Aiden Hutchinson
88%
LSU QB #9 Joe Burrow
88%
Texas Tech QB #15 Patrick Mahomes
88%
West Virginia QB #7 Geno Smith
82%
Georgia LB #0 Roquan Smith
79%
Penn State RB #26 Saquon Barkley
76%
USC WR #14 Amon-Ra St. Brown
74%
Louisville QB #8 Lamar Jackson
74%
Wisconsin LB #90 TJ Watt
74%
Alabama RB #22 Derrick Henry
71%
Michigan State RB #9 Kenneth Walker
68%
Ohio State DE #97 Nick Bosa
68%
Maryland WR #1 Stefon Diggs
65%
Texas RB #7 Bijan Robinson
62%
Stanford RB #23 Christian McCaffrey
62%
Iowa TE #85 George Kittle
62%
Oklahoma QB #1 Jalen Hurts
56%
Ole Miss WR #11 AJ Brown
53%
Auburn DE #95 Derrick Brown
53%
Cal QB #16 Jared Goff
53%
Florida TE #8 Kyle Pitts
53%
Cincinnati CB #1 Sauce Gardner
50%
Oregon OT #58 Penei Sewell
47%
BYU WR #17 Puka Nacua
44%
Texas A&M DE #95 Myles Garrett
41%
Tennessee RB #41 Alvin Kamara
38%
Boston College WR #4 Zay Flowers
38%
Iowa State RB #20 Breece Hall
35%
Florida State CB #5 Jalen Ramsey
35%
North Carolina RB #33 Javonte Williams
35%
Kentucky DE #41 Josh Allen
35%
Mississippi State DT #95 Chris Jones
32%
Rutgers RB #10 Isaiah Pacheco
32%
Houston WR #3 Tank Dell
32%
Oklahoma State RB #30 Chuba Hubbard
29%
Purdue DE #56 George Karlaftis
29%
Clemson DT #97 Dexter Lawrence
26%
Georgia Tech K #7 Harrison Butker
26%
Pitt RB #6 James Conner
26%
Arizona State QB #5 Jayden Daniels
26%
Nebraska OG #51 Cam Jurgens
24%
SMU WR #14 Courtland Sutton
24%
South Carolina WR #19 Deebo Samuel
24%
Northwestern CB #0 Greg Newsome
24%
Utah CB #33 Jaylon Johnson
24%
Illinois S #31 Kerby Joseph
24%
Notre Dame OG #56 Quenton Nelson
24%
Miami TE #85 David Njoku
21%
Washington CB #22 Trent McDuffie
21%
Kansas State WR #16 Tyler Lockett
21%
Minnesota S #31 Antoine Winfield
18%
NC State LB #2 Bradley Chubb
18%
Arkansas C #77 Frank Ragnow
18%
Wake Forest S #3 Jessie Bates
18%
UCLA DT #97 Kenny Clark
18%
Indiana WR #15 Nick Westbrook-Ikhine
15%
Virginia Tech LB #00 Tremaine Edmunds
15%
Baylor S #5 Jalen Pitre
12%
TCU WR/KR #9 KaVontae Turpin
12%
UCF K #5 Matt Prater
12%
Missouri LB #32 Nick Bolton
12%
Syracuse LB #44 Zaire Franklin
12%
Kansas DE #92 Dorance Armstrong
9%
Virginia S #1 Juan Thornhill
9%
Duke TE #83 Noah Gray
9%
Arizona DT #98 Roy Lopez
9%
Colorado CB #13 Chidobe Awuzie
6%
Vanderbilt WR #11 Trent Sherfield
3%
No matching quizzes found
Score Distribution
Percent of People with Each Score
Percentile by Number Answered
Your Score History
You have not taken this quiz